000 00621nam a2200229Ia 4500
003 OSt
005 20220928135546.0
006 a|||||r|||| 00| 0
007 ta
008 220927b |||||||| |||| 00| 0 eng d
024 _a3092
037 _cTextual
040 _aSDCL
_cSDCL
_beng
041 _2eng
_aeng
082 _aX:5171, L3
100 _aWard Scott Ed.
_9491488
245 0 _aConsumer behavior
_b Theoretical sources
260 _c1973
700 _a Robertson Thomas S Ed.
_9491489
942 _hX:5171, L3
_cTEXL
_2CC
999 _c806886
_d806886